Sonia Sotomayor : (Record no. 8371)

MARC details
000 -LEADER
fixed length control field 01688cam a22004214a 4500
001 - CONTROL NUMBER
control field 8371
003 - CONTROL NUMBER IDENTIFIER
control field FISKH
005 - DATE AND TIME OF LATEST TRANSACTION
control field 20260325110226.0
008 - FIXED-LENGTH DATA ELEMENTS--GENERAL INFORMATION
fixed length control field 090807s2009 nyua j 000 0beng
010 ## - LIBRARY OF CONGRESS CONTROL NUMBER
LC control number 2009031659
020 ## - INTERNATIONAL STANDARD BOOK NUMBER
International Standard Book Number 9781442403031
Qualifying information hbk.
020 ## - INTERNATIONAL STANDARD BOOK NUMBER
International Standard Book Number 1442403039
Qualifying information hbk.
020 ## - INTERNATIONAL STANDARD BOOK NUMBER
International Standard Book Number 9780545607001
040 ## - CATALOGING SOURCE
Original cataloging agency DLC
Transcribing agency DLC
Language of cataloging eng
050 00 - LIBRARY OF CONGRESS CALL NUMBER
Classification number KF8745.S67
Item number W565 2009
082 00 - DEWEY DECIMAL CLASSIFICATION NUMBER
Classification number 347.73/2634
-- B
Edition number 22
100 1# - MAIN ENTRY--PERSONAL NAME
Personal name Winter, Jonah,
Dates associated with a name 1962-
245 10 - TITLE STATEMENT
Title Sonia Sotomayor :
Remainder of title a judge grows in the Bronx = la juez que creció en el Bronx /
Statement of responsibility, etc. by Jonah Winter ; illustrated by Edel Rodriguez ; [Spanish translation by Argentina Palacios Ziegler].
260 ## - PUBLICATION, DISTRIBUTION, ETC.
Place of publication, distribution, etc. New York :
Name of publisher, distributor, etc. Atheneum Books for Young Readers,
Date of publication, distribution, etc. 2009.
300 ## - PHYSICAL DESCRIPTION
Extent 36 unnumbered pages :
Other physical details color illustrations ;
Dimensions 28 cm
336 ## - CONTENT TYPE
Content type term text
Content type code txt
Source rdacontent
337 ## - MEDIA TYPE
Media type term unmediated
Media type code n
Source rdamedia
338 ## - CARRIER TYPE
Carrier type term volume
Carrier type code nc
Source rdacarrier
520 ## - SUMMARY, ETC.
Summary, etc. A biography of U.S. Supreme Court judge, Sonia Sotomayor.
521 1# - TARGET AUDIENCE NOTE
Target audience note 004-008.
546 ## - LANGUAGE NOTE
Language note Text in English and Spanish.
600 10 - SUBJECT ADDED ENTRY--PERSONAL NAME
Personal name Sotomayor, Sonia,
Dates associated with a name 1954-
Form subdivision Juvenile literature.
610 10 - SUBJECT ADDED ENTRY--CORPORATE NAME
Corporate name or jurisdiction name as entry element United States.
Subordinate unit Supreme Court
Form subdivision Biography
-- Juvenile literature.
650 #0 - SUBJECT ADDED ENTRY--TOPICAL TERM
Topical term or geographic name entry element Judges
Geographic subdivision United States
Form subdivision Biography
-- Juvenile literature.
650 #1 - SUBJECT ADDED ENTRY--TOPICAL TERM
Topical term or geographic name entry element Spanish language materials
General subdivision Bilingual.
655 #7 - INDEX TERM--GENRE/FORM
Genre/form data or focus term Literature.
Source of term lcgft
Authority record control number or standard number https://id.loc.gov/authorities/genreForms/gf2014026415
655 #7 - INDEX TERM--GENRE/FORM
Genre/form data or focus term Biographies.
Source of term lcgft
Authority record control number or standard number https://id.loc.gov/authorities/genreForms/gf2014026049
700 1# - ADDED ENTRY--PERSONAL NAME
Personal name Rodriguez, Edel,
Relator term illustrator
700 1# - ADDED ENTRY--PERSONAL NAME
Personal name Palacios, Argentina
Relator term Author
906 ## - LOCAL DATA ELEMENT F, LDF (RLIN)
a 7
b cbc
c orignew
d 1
e ecip
f 20
g y-gencatlg
942 ## - ADDED ENTRY ELEMENTS (KOHA)
Source of classification or shelving scheme Dewey Decimal Classification
Koha item type Books
Suppress in OPAC No
Holdings
Withdrawn status Lost status Source of classification or shelving scheme Damaged status Not for loan Collection Home library Current library Shelving location Date acquired Total Checkouts Full call number Barcode Date last seen Copy number Price effective from Koha item type
    Dewey Decimal Classification     Fiction Footprints International School Library Network Toul Tom Poung Campus Footprints International School Library Network Toul Tom Poung Campus TTP Secondary Fiction Bookshelves 09/10/2025   WIN 347.73 KF8745.S67 W565 FIS05533 09/10/2025 1 09/10/2025 Books
    Dewey Decimal Classification     Fiction Footprints International School Library Network Toul Tom Poung Campus Footprints International School Library Network Toul Tom Poung Campus TTP Secondary Fiction Bookshelves 03/25/2026   WIN 347.73 KF8745.S67 W565 FISBK05707 03/25/2026 2 03/25/2026 Books